Database managment system (Record no. 155213)

MARC details
000 -LEADER
fixed length control field 00564nam a22001937a 4500
005 - DATE AND TIME OF LATEST TRANSACTION
control field 20180731161835.0
010 ## - LCCN (DPL NO)
LC control number B-317340
020 ## - INTERNATIONAL STANDARD BOOK NUMBER
International Standard Book Number 9780071231510
035 ## - SYSTEM CONTROL NUMBER
System control number B-317340
037 ## - SOURCE OF ACQUISITION
Source of stock number/acquisition McGraw-Hill Higher Education
082 ## - DEWEY DECIMAL CLASSIFICATION NUMBER
Classification number 005
100 ## - MAIN ENTRY--PERSONAL NAME
Personal name Ramakrishnan, Raghu
245 ## - TITLE STATEMENT
Title Database managment system
Statement of responsibility, etc Raghu Ramakrishnan [and] Johannes Gehrke
260 ## - PUBLICATION, DISTRIBUTION, ETC. (IMPRINT)
Place of publication, distribution, etc New Delhi
Name of publisher, distributor, etc McGraw-Hill Higher Education
Date of publication, distribution, etc 2003
300 ## - PHYSICAL DESCRIPTION
Extent 1065p.
Dimensions 23cm.(pbk)
700 ## - ADDED ENTRY--PERSONAL NAME
Personal name Gehrke, Johannes
942 ## - ADDED ENTRY ELEMENTS (KOHA)
Source of classification or shelving scheme Dewey Decimal Classification
Item type English Books
Classification part 005
Call number suffix RAG
Holdings
Withdrawn status Lost status Not for loan Collection code Home library Current library Date acquired Full call number Barcode Koha item type
      Non-fiction Sarojini Nagar Sarojini Nagar 31/07/2018 005 RAG B-317340 English Books

© Delhi Public Library
Hit Counter
free hit counter